000 00311nam a22001337a 4500
008 180223b xxu||||| |||| 00| 0 eng d
020 _a9780895823823
041 _aeng
080 _a591
100 _a7
101 _aZOO
245 _aA Photographic Atlas Zoology Laboratory
_cGraaff, K.M.V
942 _2udc
_cBK
999 _c43266
_d43266